El Balcón / [por] Jean Genet ; tr. por María Concepción García-Lomas

Kaydedildi:
Detaylı Bibliyografya
Yazar: Genet, Jean (autor)
Materyal Türü: Kitap
Seri Bilgileri:El libro de bolsillo ; 994
Konular:
Etiketler: Etiketle
Etiket eklenmemiş, İlk siz ekleyin!

MARC

LEADER 00000nam^a2200000^u^4500
001 000540453
005 20250521000000.0
008 060220s1000^^^^^^^^^^^^r^^^^^000^0^spa^d
009 20260310131204.382
035 |a FMI 000008432 
037 |a Acervo Xavier Clavigero 
096 |a 9.6/3/A 
100 |a Genet, Jean  |e (autor) 
245 1 3 |a El Balcón / [por] Jean Genet ; tr. por María Concepción García-Lomas 
264 |a Madrid : Alianza, 1983 
300 |a 165 p. 
336 |a texto  |b txt  |2 rdacontenido 
337 |a sin mediación  |b n  |2 rdamedio 
338 |a volumen  |b nc  |2 rdasoporte 
440 3 |a El libro de bolsillo ; 994 
597 |a Trad. del francés ("Le balcon"). 
649 |a XX 
650 |a TEATRO 
910 |a Fondo Francisco Migoya Covarrubias S.J. 
920 |a Impresos - Libros 
930 |a Fondos Especiales 
905 |a 134 
901 |a SBC16778  |b IT2  |c ESP  |u 20250521 
902 |a https://opac.biblio.iteso.mx/vufind/Record/000540453